| 000 | 006430000a22002170004500 | ||
|---|---|---|---|
| 003 | LK-CoMWRAF | ||
| 005 | 20231203000548.0 | ||
| 008 | 230817t1991 ||||| |||| 00| 0 eng d | ||
| 020 | _a9559052098 | ||
| 040 |
_aLK-CoMWRAF _dLK-CoMWRAF _eLK-CoMWRAF |
||
| 041 | _aeng | ||
| 082 |
_a305.42 _bGOO |
||
| 100 | _aGoonesekere, Savitri | ||
| 245 | _a The UN convention on women (1981) and the Sri Lankan legal system | ||
| 260 |
_aColombo: _bCentre for Women's Research (CENWOR), _c1991 |
||
| 300 | _a43 p. ; 22 cm | ||
| 490 |
_aWorking Paper _v No. 04 |
||
| 650 | _aWOMEN'S RIGHTS-Sri Lanka | ||
| 650 | _aHuman rights-Sri Lanka | ||
| 942 | _cBK | ||
| 999 |
_c1231 _d1231 |
||